000 00751nam a2200265 i 4500
001 C2-0216729
003 PPAK
005 20180728105338.0
008 990526s1997 my a|||| ||||| | may d
020 _a9830571904
040 _aPPAK
_beng
_cPPAK
_erda
082 0 4 _a153.1534
_2 23
090 0 0 _a153.1534
_bARR
_dRK
100 0 _aA. R. Rahman,
_eauthor
245 1 0 _aMotivasi untuk Rakan Muda (4)
264 1 _aKuala Lumpur :
_bGoodmark ,
_c1997
300 _a40 pages :
_bcolour illustrations ;
_c30 cm
336 _2rdacontent
_atext
337 _2rdamedia
_aunmediated
338 _2rdacarrier
_avolume
490 1 _aSiri Motivasi Untuk Kepimpinan
650 1 0 _aMotivation
830 0 _aSiri Motivasi Untuk Kepimpinan
942 _ddc
_cB
999 _c160239
_d160239